|
|
|
|
| LEADER |
00000nam a2200000 a 4500 |
| 001 |
vtls008639927 |
| 003 |
SK-MaSNL |
| 005 |
20260302075031.0 |
| 008 |
251029s2004 au g 000 0 ger |
| 020 |
|
|
|a 3854761481 (brož.)
|
| 040 |
|
|
|a SNK
|b slo
|c SNK
|e AACR2
|
| 041 |
0 |
|
|a ger
|
| 044 |
|
|
|a au
|c AT
|
| 072 |
|
7 |
|a 27
|x Kresťanstvo. Kresťanská cirkev všeobecne. Ekleziológia
|2 konspekt
|
| 080 |
|
|
|a 27
|2 2001
|
| 080 |
|
|
|a 2-76
|2 2001
|
| 080 |
|
|
|a 341.232.7
|2 2001
|
| 080 |
|
|
|a 327.2
|2 2001
|
| 080 |
|
|
|a (048.8)
|2 2001
|
| 245 |
0 |
0 |
|a Im Zeichen des Kreuzes
|b Mission, Macht und Kulturtransfer seit dem Mittelalter
|c Bernd Hausberger (Hg.)
|
| 260 |
|
|
|a Wien
|b Mandelbaum
|c 2004
|
| 300 |
|
|
|a 215 s.
|c 21 cm
|
| 490 |
1 |
|
|a Expansion - Interaktion - Akkulturation
|v Bd. 7
|
| 504 |
|
|
|a Obsahuje bibliogr.
|
| 648 |
|
7 |
|a 376-2003
|2 SNKPH
|9 741362
|
| 650 |
0 |
7 |
|a kresťanstvo
|2 SNKPH
|9 2024
|
| 650 |
0 |
7 |
|a misie
|2 SNKPH
|9 4097
|
| 650 |
0 |
7 |
|a kultúrne styky
|2 SNKPH
|9 741363
|
| 650 |
0 |
7 |
|a vzájomné pôsobenie
|2 SNKPH
|9 741364
|
| 650 |
0 |
7 |
|a expanzie
|2 SNKPH
|9 741365
|
| 655 |
|
7 |
|a monografie
|2 SNKPH
|9 70139
|
| 700 |
1 |
|
|a Hausberger, Bernd
|4 edt
|9 741366
|
| 830 |
|
0 |
|a Expansion - Interaktion - Akkulturation
|9 594911
|
| 919 |
|
|
|a 3-85476-148-1
|
| 999 |
|
|
|c 1167552
|d 1169482
|
| 952 |
|
|
|a SNK
|b SNK
|y VYP
|7 0
|p 17A0501572
|o snkIC 133175
|i snk2006/7169
|8 2
|g 19.45
|0 0
|1 0
|4 0
|d 2006-03-28
|l 0
|r 2026-02-24 20:53:13
|w 2026-02-24
|